Využitie medzinárodných účtovných štandardov vo verejnej správe

Vývoj a zdokonaľovanie funkcie a metodiky účtovníctva. Charakteristika a funkcia medzinárodných účtovných štandardov. Komparatívne porovnanie štruktúry účtovnej osnovy pre podnikateľov a pre rozpočtové organizácie. Možnosti uplatnenia Medzinárodných účtovných štandardov vo verejnej správe.

Salvato in:
Dettagli Bibliografici
Autore principale: Staríčková, Zuzana
Natura: Capitolo di libro
Lingua:slovacco
Soggetti:
Tags: Aggiungi Tag
Nessun Tag, puoi essere il primo ad aggiungerne!!

MARC

LEADER 00000naa$a2200000$$$4500
001 0006150
005 20221207121721.2
041 0 |a slo 
044 |a SK 
245 1 0 |a Využitie medzinárodných účtovných štandardov vo verejnej správe  |c aut. Zuzana Staríčková 
520 |a Vývoj a zdokonaľovanie funkcie a metodiky účtovníctva. Charakteristika a funkcia medzinárodných účtovných štandardov. Komparatívne porovnanie štruktúry účtovnej osnovy pre podnikateľov a pre rozpočtové organizácie. Možnosti uplatnenia Medzinárodných účtovných štandardov vo verejnej správe. 
610 2 0 |a štandardy účtovné medzinárodné 
610 2 0 |a správa verejná 
610 2 0 |a osnova účtová 
610 2 0 |a podnikatelia 
610 2 0 |a organizácie rozpočtové 
610 2 0 |a IAS 
100 1 |a Staríčková, Zuzana